Lille Metro (Métro de Lille) Stations - Statistics

General Stats
  • This quiz has been taken 215 times
  • The average score is 34 of 62
Answer Stats
Station Number Station % Correct
M2 M2-18 Gare Lille-Flandres
96%
M1 M1-11 Gare Lille-Flandres
94%
M2 M2-19 Gare Lille-Europe
89%
M1 M1-13 République - Beaux-Arts
87%
M1 M1-16 Porte des Postes
85%
M2 M2-12 Porte des Postes
85%
M1 M1-12 Rihour
85%
M1 M1-15 Wazemmes
80%
M1 M1-14 Gambetta
77%
M2 M2-13 Porte d'Arras
77%
M1 M1-9 Fives
76%
M2 M2-14 Porte de Douai
76%
M1 M1-1 Quatre Cantons - Stade Pierre Mauroy
76%
M2 M2-17 Mairie de Lille
72%
M2 M2-15 Porte de Valenciennes
70%
M1 M1-10 Caulier
67%
M1 M1-18 CHU - Eurasanté
66%
M1 M1-3 Triolo
65%
M1 M1-5 Pont de Bois
62%
M1 M1-2 Cité Scientifique - Professeur Gabillard
61%
M2 M2-32 Eurotéléport
61%
M2 M2-10 Cormontaigne
59%
M2 M2-11 Montebello
59%
M2 M2-44 CH Dron
55%
M1 M1-7 Mairie d'Hellemmes
55%
M2 M2-1 Saint-Philibert
55%
M1 M1-4 Villeneuve d'Ascq - Hôtel de Ville
55%
M2 M2-16 Lille Grand Palais
54%
M2 M2-22 Mairie de Mons
52%
M1 M1-8 Marbrerie
52%
M2 M2-20 Saint-Maurice Pellevoisin
52%
M1 M1-17 CHU - Centre Oscar-Lambret
51%
M2 M2-24 Les Prés - Edgard Pisani
51%
M2 M2-23 Fort de Mons
50%
M1 M1-6 Square Flandres
50%
M2 M2-9 Port de Lille
49%
M2 M2-28 Croix - Centre
48%
M2 M2-29 Mairie de Croix
47%
M2 M2-21 Mons Sarts
47%
M2 M2-6 Lomme - Lambersart - Arthur Notebart
46%
M2 M2-3 Maison des Enfants
46%
M2 M2-8 Bois Blancs
45%
M2 M2-26 Wasquehal - Pavé de Lille
45%
M2 M2-2 Bourg
44%
M2 M2-39 Tourcoing - Centre
44%
M2 M2-27 Wasquehal - Hôtel de Ville
42%
M2 M2-38 Gare de Tourcoing
41%
M2 M2-7 Canteleu
39%
M2 M2-33 Roubaix - Grand-Place
39%
M2 M2-25 Jean Jaurès
37%
M2 M2-35 Alsace
36%
M2 M2-34 Gare Jean-Lebas Roubaix
34%
M2 M2-36 Mercure
34%
M2 M2-4 Mitterie
34%
M2 M2-30 Épeule - Montesquieu
33%
M2 M2-31 Roubaix - Charles-de-Gaulle
32%
M2 M2-5 Pont Supérieur
31%
M2 M2-43 Bourgogne
29%
M2 M2-40 Colbert
29%
M2 M2-41 Phalempins
26%
M2 M2-37 Carliers
24%
M2 M2-42 Pont de Neuville
19%
No matching quizzes found
Score Distribution
Percent of People with Each Score
Percentile by Number Answered
Your Score History
You have not taken this quiz